| 000 | 00435nam a2200157 4500 | ||
|---|---|---|---|
| 001 | 143059 | ||
| 003 | ES-MaACL | ||
| 005 | 20230906200717.0 | ||
| 007 | t| | ||
| 008 | 070214s1961 sp r ||||1| spa d | ||
| 245 | 0 | 0 |
_aSelecciones vascas / _cFausto Arocena... [et al.]. |
| 260 |
_aZarauz : _bIcharopena, _c1961. |
||
| 300 |
_a149 p., 5 lám. ; _c18 cm. |
||
| 700 | 1 |
_aArocena, Fausto. _923138 |
|
| 852 |
_aES-MaACL _jC-20829 _bR.49361 |
||
| 999 |
_c143059 _d143059 |
||